| 000 | 02151nam a22003017a 4500 | ||
|---|---|---|---|
| 001 | 0005023 | ||
| 003 | KOHA_MİRAKIL | ||
| 005 | 20260207001432.0 | ||
| 007 | ta | ||
| 008 | 090506b1998 mau |||gr||||#||||0|eng | | ||
| 020 |
_a0070282552 _q(acid-free paper) |
||
| 040 |
_aTR-BiSEU _btur _cTR-BiSEU _erda |
||
| 041 | 0 | _aeng | |
| 044 | _cmau | ||
| 050 |
_aJZ1305 _b.H46 1998 |
||
| 100 | 1 | _aHenderson, Conway W.. | |
| 245 | 1 |
_aInternational relations : _bconflict and cooperation at the turn of the 21st century/ _cConway W. Henderson ; Conway W. Henderson. |
|
| 264 | 1 |
_aBoston : _bMcGraw Hill _c1998 |
|
| 300 | _axvi, 520 sayfa: resimli, maps (some col.) | ||
| 336 |
_ametin _btxt _2rdacontent |
||
| 337 |
_aaracısız _bn _2rdamedia |
||
| 338 |
_acilt _bnc _2rdacarrier |
||
| 500 | _aIncludes bibliographical references and index. | ||
| 505 |
_aPART I: Understanding International Relations _xChapter 1: The Study of International Relations _xChapter 2: The Historical Setting of International Relations _xChapter 3: Actors on the International Stage _xPART II: The Instruments of International Relations _xChapter 4: Defining Power in a New Era _xChapter 5: War and Lesser Conflict: Force in Decline? _xChapter 6: Penetration Operations: Intelligence, Cover Acts, and Propaganda _xChapter 7: The Role of Diplomacy: A Traditional Tool in Changing Times _xChapter 8: The International Political Economy: Instruments of Competition and Conflict _xChapter 9: The International Political Economy: The Institutions of Cooperation and Integration _xPART III: The Struggle for World Order _xChapter 10: Arms Limitations: Passage into the Post-Cold War Era _xChapter 11: International Law as the Framework for International Society _xChapter 12: International Organizations for Security and Progress _xPART IV: Sharing a Planet and Planetary Experiences _xChapter 13: Environment of Humankind: A Future in Jeopardy _xChapter 14: Shared Experiences of Humankind _xPART V: Conclusion _xChapter 15: Conditions and Trends at the Turn of the 21st Century _x |
||
| 650 | 0 |
_aInternational relations. _97042 |
|
| 650 | 0 |
_aInternational cooperation. _912200 |
|
| 942 |
_2lcc _cBK |
||
| 999 |
_c5005 _d5005 |
||